Research Methods for Clinical Therapists / Applied Project Design and Analysis: Fifth Edition (Record no. 5911)
[ view plain ]
| 000 -LEADER | |
|---|---|
| fixed length control field | 01395cam a22002054a 4500 |
| 005 - ΗΜΕΡΟΜΗΝΙΑ ΚΑΙ ΩΡΑ ΤΕΛΕΥΤΑΙΑΣ ΕΝΗΜΕΡΩΣΗΣ | |
| Πεδίο ελέγχου | 20250605164225.0 |
| 008 - FIXED-LENGTH DATA ELEMENTS--GENERAL INFORMATION | |
| Πεδίο ελέγχου σταθερού μήκους | 250528s ||||||||||||||||||||||||d |
| 035 ## - SYSTEM CONTROL NUMBER | |
| System control number | 20829 |
| 020 ## - ISBN | |
| ISBN | 9780702029981 |
| 040 ## - ΠΗΓΗ ΚΑΤΑΛΟΓΟΓΡΑΦΗΣΗΣ | |
| Φορέας πρωτότυπης καταλογογράφησης | MC Athens Campus Library |
| Γλώσσα καταλογογράφησης | Ελληνικά, Μοντέρνα (1453-) |
| Modifying agency | MC Athens Campus Library |
| Κανόνες περιγραφικής καταλογογράφησης | AACR2 |
| 245 1# - ΤΙΤΛΟΣ ΚΑΙ ΔΗΛΩΣΗ ΥΠΕΥΘΥΝΟΤΗΤΑΣ | |
| Τίτλος | Research Methods for Clinical Therapists / Applied Project Design and Analysis: Fifth Edition |
| 250 ## - EDITION STATEMENT | |
| Edition statement | 5th |
| 260 ## - PUBLICATION, DISTRIBUTION, ETC. | |
| Name of publisher, distributor, etc. | Churchill Livingstone - Elsevier, |
| Date of publication, distribution, etc. | 2009 |
| 300 ## - PHYSICAL DESCRIPTION | |
| Extent | 408 |
| 520 ## - SUMMARY, ETC. | |
| Summary, etc. | The focus of this book is the design and analysis of experimental studies. Preface, Acknowledgements, Basic Principles of Research, Questionnaires and Surveys and Sampling, The Nature of the Data, Testing Hypotheses, Sources of Error in Research, Putting the Theory into Practice, Statistical Tests, Non-Parametric Tests for Same and Matched-Subject Designs, Parametric Tests for Same and Matched-Subject Designs, Non-Parametric Tests for Different (Unrelated) Subject Designs, Parametric Tests for Different (unrelated) Subject Designs, Research Applications, Attitude Scales, Repertory Grid Analysis, Capturing Expert Opinion: The Delphi Technique, Capturing the User Voice: Thurstone's Paired Comparison Technique, Capturing the Clinician's View: Reliability Measures, Undertaking Systematic Reviews, Appendices, Glossary, Index. |
| 700 1# - ΠΡΟΣΘΕΤΗ ΑΝΑΓΡΑΦΗ--ΦΥΣΙΚΟ ΠΡΟΣΩΠΟ | |
| Personal name | Hicks Carolyn |
| 9 (RLIN) | 376 |
| 942 ## - ADDED ENTRY ELEMENTS (KOHA) | |
| Koha item type | Books |
| Τύπος τεκμηρίου | Βιβλιοθήκη | Τρέχουσα τοποθεσία | Barcode | Αριθμός εισαγωγής | Ημερομηνία απόκτησης | Ταξιθετικό σύμβολο | Αριθμός αντιτύπου | Κατάσταση απόσυρσης | Κατάσταση χαμένου | Κατάσταση κατεστραμμένου | Μη δανεισμός | Σύνολο δανεισμών | Ημερομηνία τελευταίας εμφάνισης | Η τιμή ισχύει από |
|---|---|---|---|---|---|---|---|---|---|---|---|---|---|---|
| Books | MC Athens Campus Library | MC Athens Campus Library | 9780000059109 | 6403 | 05/06/2025 | 615.820727 HIC | 1 | 05/06/2025 | 05/06/2025 |